Top Universities in Germany - Statistics

General Stats
  • This quiz has been taken 44 times
  • The average score is 4 of 14
Answer Stats
German Rank Answer World Rank % Correct
3 Heidelberg 65
82%
14 Hamburg 228
66%
1 Technical University of Munich 49
47%
5 Humboldt, Berlin 131
39%
13 Gottingen 215
34%
7 RWTH Aachen 147
34%
8 Technical University of Berlin (TU Berlin) 158
26%
6 Karlsruhe Institute of Technology (KIT) 141
21%
11 Technical University of Dresden (TU Dresden) 200
18%
4 Freie Universitaet Berlin 118
5%
2 Ludwig Maximilians, Munich 59
5%
10 Albert Ludwigs, Freiburg 189
0%
9 Eberhard Karls, Tubingen 169
0%
12 Rheinische Friedrich Wilhelms, Bonn 201
0%
No matching quizzes found
Score Distribution
Percent of People with Each Score
Percentile by Number Answered
Your Score History
You have not taken this quiz